| 000 | 01172naa a22002777a 4500 | ||
|---|---|---|---|
| 001 | BR2700045 | ||
| 003 | BR-BrBNA | ||
| 005 | 20240918172743.0 | ||
| 007 | ta | ||
| 008 | 230509b bl.||||| |||| 00| 0 por d | ||
| 040 |
_aBR-BrBNA _bpor _cBiblioteca Nacional de Agricultura |
||
| 041 | _a(Pt) | ||
| 072 |
_aF00; F60 _b1280 _bG514 |
||
| 090 | _aF00 BR2700045 | ||
| 100 | 1 | _aGuimaraes, F. | |
| 111 | 1 |
_a2. Congresso Nacional de Oleos, Gorduras, Ceras e Resinas, e seus Derivados _cRio de Janeiro, GB (Brazil) _d29 May 1927 |
|
| 245 | 1 | _aCastanha Cayate. Nota previa [Omphalea Diandra, analise quimica, oleo, Brasil] | |
| 260 | 3 |
_aRio de Janeiro, GB (Brasil): _c1927. |
|
| 500 | _aAnnaes do Primeiro e Segundo Congresso Nacional de Oleos, Gorduras, Ceras e Resinas, e seus derivados Rio de Janeiro, GB (Brasil): 1927. p. 473-476 (BR2700045-AM)F00 | ||
| 650 | _aCASTANHA | ||
| 650 | _aOLEO | ||
| 650 | _aANALISE QUIMICA | ||
| 773 | 0 |
_tAnnaes do Primeiro e Segundo Congresso Nacional de Oleos, Gorduras, Ceras e Resinas, e seus derivados _wF00 BR2700045 _gRio de Janeiro, GB (Brasil), 1927. p. 473-476 |
|
| 909 |
_a202404 _bLucia _c55 _dLucia Elande |
||
| 942 |
_cAM _2AGRIS |
||
| 999 |
_c301372 _d301372 |
||